Quiz ukaż samochód po modelu #2 - Statystyki

Ogólne statystyki
  • Ten quiz został rozwiązany 33 razy
  • Średni wynik to 6 z 8
Statystyki odpowiedzi
model samochód % Poprawnych
Octawia Skoda
100%
M8 BMW
96%
A5 Audi
93%
Corolla Toyota
89%
Raptor Ford
68%
318I BMW
57%
Compass Jeep
46%
Q70 Infiniti
39%
Nie znaleziono quizów pasujących do podanych kryteriów
Rozkład punktacji
Procent ludzi z każdym wynikiem
Percentyl według liczby udzielonych odpowiedzi
Twoja historia wyników
Nie rozwiązałeś tego quizu